00753nam a22002415a 4500001001000000003000500010005001700015008004100032010001500073020001800088040001300106041001800119050002500137100002200162245007200184260003400256300002400290504004100314546005900355650002800414650003300442740003600475FIB022866SISC20191123103104.0090213s2008 ph 000 0 eng  a2009316129 a9789712721311 aDLCcDLC0 aengatglaspa aDS 675.8b.Oc15 20081 aOcampo, Ambeth R.10aMakamisa :bthe search for Rizal's third novel /cAmbeth R. Ocampo. aManila :bAnvil Pub.,cc2008. a152 pages ;c23 cm. aIncludes bibliographical references. aIn English, with some articles in Tagalog and Spanish. aRizal, Jose, 1861-1896. aRizal, JosexLiterary works. aSearch for Rizal's third novel.